000 00803nam a2200217 i 4500
001 101037
003 ES-MaACL
005 20250927155615.0
007 t|
008 051011s1956 sp ||||1| spa d
100 1 _aMaurath, J.
_979230
245 1 0 _aFisiopatología de la respiración en cirugía pulmonar /
_cJ. Maurath; con un prólogo del Prof. Dr. Th. Naegeli; [versión directa del alemán por el Dr. Jacinto Reventós].
260 _aMadrid :
_bAlhambra,
_c1956.
300 _a95 p. con 1 lám. :
_bil. ;
_c23 cm.
490 1 _aMonografías médicas Alhambra
700 1 _aNaegeli, Theodor.
_9155594
700 0 _aReventós, Jacinto,
_d1883-1968
_996406
830 0 _aMonografías médicas Alhambra
_9182831
852 _aES-MaACL
_jC-10231
_bR.38626
999 _c101037
_d101037